LEADER 00997cam0 22002893 450 001 SON0002999 005 20240617114737.0 010 $a8842523240 100 $a20040211d1998 |||||ita|0103 ba 101 $aita 102 $aIT 200 1 $aEssere libertą ambiguitą$fLuigi Pareyson$ga cura di Francesco Tomatis 210 $aMilano$cMursia$d1998 215 $a222 p.$d22 cm 225 2 $aLuigi Pareyson$eOpere complete$v19 410 1$1001LAEC00016019$12001 $a*Luigi Pareyson : Opere complete$v19 700 1$aPareyson$b, Luigi$3AF00005134$4070$039071 702 1$aTOMATIS, Francesco$3AF00016539$4070 801 0$aIT$bUNISOB$c20240617$gRICA 850 $aUNISOB 852 $aUNISOB$j100|Coll|107|K$m104211 912 $aSON0002999 940 $aM 102 Monografia moderna SBN 941 $aM 957 $a100|Coll|107|K$b000019$gSI$d104211$racquisto$1carrano$2UNISOB$3UNISOB$420120313100901.0$520240617114737.0$6bethb 996 $aEssere libertą ambiguitą$91015978 997 $aUNISOB